Sélectionneur de l'équipe de Belgique de foot - Statistiques

Statistiques générales
  • Ce quiz a été pris 130 fois
  • Le résultat moyen est 7 sur 32
Statistiques - réponses
Période Nationalié Réponse % Correct
2012-2016 belge Marc Wilmots
92%
2016- espagnol Roberto Martinez
91%
1997-1999 belge Georges Leekens
54%
2010--2012 belge Georges Leekens
54%
2009-2010 néerlandais Dick Advocaat
45%
1999-2002 belge Robert Waseige
38%
2009 belge Frank Vercauteren
33%
1966-1976 belge Raymond Goethals
33%
1976-1989 belge Guy Thys
32%
1990-1991 belge Guy Thys
32%
1991-1996 belge Paul Van Himst
30%
2005-2009 belge René Vandereycken
28%
2002-2005 belge Aimé Antheunis
16%
1989-1990 belge Walter Meeuws
12%
1996 belge Wilfried Van Moer
12%
1958-1968 belge Constant Vanden Stock (sélectionneur)
9%
1944-1946 belge François Demol
6%
1910-1913 Royaume-Uni William Maxwell
6%
1920-1928 Royaume-Uni William Maxwell
6%
1930-1934 belge Hector Goetinck
5%
1947-1953 Royaume-Uni Bill Gormlie
4%
1957-1958 hongrois Géza Toldi
4%
1914 Royaume-Uni Charles Bunyan
3%
1953-1954 Royaume-Uni Doug Livingstone
3%
1935-1940 Royaume-Uni Jack Butler
3%
1957 belge Louis Nicolay
3%
1955-1957 belge André Vandeweyer
2%
1935 hongrois Jules Turnauer
2%
1928-1930 autrichien Victor Löwenfeldt
2%
1961-1965 belge Arthur Ceuleers (entraîneur)
1%
1960-1961 belge Henri Dekens (entraîneur)
1%
1958-1960 hongrois Viktor Havlicek (entraîneur)
1%
Aucun quiz correspondant
Distribution des résultats
% des personnes avec chaque résultat
Percentile par nombre de réponses
Votre historique - résultats
Vous n’avez pas pris ce quiz